SOCIAL SECTOR (Record no. 31843)

MARC details
000 -LEADER
fixed length control field 00271nam a22001337a 4500
003 - CONTROL NUMBER IDENTIFIER
control field SGT
020 ## - INTERNATIONAL STANDARD BOOK NUMBER
International Standard Book Number 9789353885328
082 ## - DEWEY DECIMAL CLASSIFICATION NUMBER
Classification number 320
Item number S21P
100 ## - MAIN ENTRY--PERSONAL NAME
Personal name PANKAJ, ASHOK
245 ## - TITLE STATEMENT
Title SOCIAL SECTOR
260 ## - PUBLICATION, DISTRIBUTION, ETC. (IMPRINT)
Name of publisher, distributor, etc SAGE PUBLICATIONS
Year of Publication 2021
300 ## - PAGE DESCRIPTION
No. of Pages 404
942 ## - ADDED ENTRY ELEMENTS (KOHA)
Source of classification or shelving scheme Dewey Decimal Classification
Koha item type Books
Holdings
Withdrawn status Lost status Source of classification or shelving scheme Damaged status Not for loan Home library Current library Shelving location Date acquired SGTU Total Checkouts Full call number Accession No. (Barcode) Date last seen Bill Date Koha item type
    Dewey Decimal Classification   Not For Loan SGT Chancellor's Library SGT Chancellor's Library Reference Book 03/07/2025 SGTU   320 S21P CH3844 03/07/2025 03/07/2025 Books